Quick Pick: Clothing in Movie Titles Quiz Stats

 Plays Quiz Updated Mar 28, 2017

Support Sporcle.
Go Orange.
Score 0/10 Timer 01:00
2 Plays Today
% Correct
Hat
95.8%
Jacket
93%
Tights
91.7%
Cape
90.2%
Pants
88.5%
Tie
85.5%
Boots
80.7%
Sweater
79.3%
Stockings
76%
Suit
71.1%

Today's Daily Dose

You're not logged in!

Compare scores with friends on all Sporcle quizzes.
OR
Log In
Forgot?

From the Vault

Obscure Knowledge - Countries of Africa

by PenguinsMeercats

You'll have to go more obscure than this to stump a Sporcler.
Remove Ads.
Support Sporcle.
Get the best of Sporcle when you Go Orange. This ad-free experience offers more features, more stats, and more fun while also helping to support Sporcle. Thank you for becoming a member.

Show Comments

Extras

Top Quizzes Today


Score Distribution

Your Account Isn't Verified!

In order to create a playlist on Sporcle, you need to verify the email address you used during registration. Go to your Sporcle Settings to finish the process.

Report this User

Report this user for behavior that violates our Community Guidelines.

Details: